[Event "Karl Mala Memorial op 12th"]
[Site "Frankfurt"]
[Date "2009.07.19"]
[Round "7"]
[White "Anders, Denis"]
[Black "Simonis, Vincent"]
[Result "1/2-1/2"]
[WhiteElo "1143"]
[BlackElo "1031"]
[PlyCount "59"]
[EventDate "2009.07.16"]
[EventType "swiss"]
[EventRounds "7"]
[EventCountry "GER"]
[SourceTitle "EXT 2010"]
[Source "ChessBase"]
[SourceDate "2010.11.25"]
[SourceVersion "1"]
[SourceVersionDate "2010.11.25"]
[SourceQuality "1"]

1. e4 e5 2. Nf3 Nc6 3. Bc4 Nf6 4. d3 Bc5 5. Nc3 d6 6. Bg5 h6 7. Bxf6 Qxf6 8. Nd5 Qd8 9. c3 Be6 10. 0-0 Bxd5 11. Bxd5 Qf6 12. Bxc6+ bxc6 13. d4 exd4 14. Nxd4 Bxd4 15. Qxd4 Qxd4 16. cxd4 Rb8 17. Rac1 Kd7 18. Rc2 Rhe8 19. f3 Rb4 20. Rd1 d5 21. exd5 cxd5 22. Kf2 Rc4 23. Rdd2 Re6 24. b3 Rxc2 25. Rxc2 Rc6 26. Rxc6 Kxc6 27. Ke3 Kb5 28. a3 a5 29. Kd3 c6 30. Kc3 1/2-1/2

[Event "Karl Mala Memorial op 12th"]
[Site "Frankfurt"]
[Date "2009.07.19"]
[Round "6"]
[White "Simonis, Vincent"]
[Black "Schenk, Felix"]
[Result "0-1"]
[WhiteElo "1031"]
[BlackElo "1384"]
[PlyCount "100"]
[EventDate "2009.07.16"]
[EventType "swiss"]
[EventRounds "7"]
[EventCountry "GER"]
[SourceTitle "EXT 2010"]
[Source "ChessBase"]
[SourceDate "2010.11.25"]
[SourceVersion "1"]
[SourceVersionDate "2010.11.25"]
[SourceQuality "1"]

1. e4 e6 2. Nc3 d5 3. exd5 exd5 4. Nf3 c5 5. d4 Nf6 6. Be3 cxd4 7. Nxd4 Nc6 8. Bb5 Bd7 9. Qe2 Be7 10. 0-0-0 0-0 11. h4 Re8 12. Qd3 a6 13. Bxc6 bxc6 14. h5 h6 15. Bf4 Bf8 16. Qg3 Kh8 17. Nf3 Bg4 18. Ne5 Rxe5 19. Bxe5 Bxd1 20. Rxd1 Nxh5 21. Qf3 Qg5+ 22. Qe3 Qxe3+ 23. fxe3 Re8 24. Bf4 g5 25. Rh1 gxf4 26. Rxh5 fxe3 27. Rh1 d4 28. Ne2 c5 29. Rf1 Kg7 30. b3 a5 31. Kb2 Bd6 32. Rd1 Be5 33. Ka3 Rd8 34. Ka4 Ra8 35. Kb5 f6 36. Kxc5 Rc8+ 37. Kb5 Rxc2 38. Nxd4 Bxd4 39. Rxd4 Rxa2 40. Re4 e2 41. Kc4 Kg6 42. Re3 Kg5 43. Kd3 f5 44. Rxe2 Rxe2 45. Kxe2 Kf4 46. Kf2 Ke4 47. Ke2 f4 48. Ke1 Ke3 49. Kf1 Kd2 50. Kf2 Kc3 0-1